[Event "Titled Tuesday intern op 16th Jan Early"]
[Site "Chess.com INT"]
[Date "2024.01.16"]
[Round "4"]
[White "Suyarov, Mukhammadzokhid"]
[Black "Garcia Almaguer, Juan Manuel"]
[Result "1-0"]
[WhiteElo "2413"]
[BlackElo "2126"]
[PlyCount "57"]
[EventDate "2024.01.16"]
[EventType "swiss (blitz)"]
[EventRounds "11"]
[EventCountry "USA"]
[SourceTitle "CB04_2024"]
[SourceDate "2023.10.16"]
[SourceVersion "1"]
[SourceVersionDate "2023.10.16"]
[SourceQuality "1"]

1. e4 e5 2. Nf3 Nc6 3. Bb5 a6 4. Ba4 d6 5. c3 Bd7 6. 0-0 Nf6 7. Re1 g6 8. d4 Bg7 9. h3 0-0 10. Bc2 Nh5 11. a4 Kh8 12. Be3 f5 13. exf5 Bxf5 14. Bxf5 gxf5 15. Nxe5 dxe5 16. Qxh5 f4 17. Bd2 exd4 18. Na3 f3 19. g3 Qd7 20. Rad1 Rf5 21. Qg4 Raf8 22. Nc2 h5 23. Qe4 Re5 24. Qh4 Re2 25. Qxh5+ Kg8 26. cxd4 Ne5 27. dxe5 Rxd2 28. e6 Qd5 29. Qxd5 1-0

[Event "Titled Tuesday intern op 26th Sep Early"]
[Site "Chess.com INT"]
[Date "2023.09.26"]
[Round "2"]
[White "Garcia Almaguer, Juan Manuel"]
[Black "Cagara, Paulina"]
[Result "1-0"]
[WhiteElo "2134"]
[BlackElo "2085"]
[PlyCount "109"]
[EventDate "2023.09.26"]
[EventType "swiss (blitz)"]
[EventRounds "11"]
[EventCountry "USA"]
[SourceTitle "EXT 2024"]
[Source "ChessBase"]
[SourceDate "2023.10.10"]
[SourceVersion "1"]
[SourceVersionDate "2023.10.10"]
[SourceQuality "1"]

1. e4 c6 2. d4 d5 3. e5 c5 4. c3 Nc6 5. Nf3 Bg4 6. Be3 e6 7. Nbd2 cxd4 8. cxd4 Qb6 9. Be2 Rc8 10. 0-0 Nge7 11. a3 Nf5 12. h3 Bxf3 13. Nxf3 Be7 14. b4 a6 15. Bd3 g6 16. g4 Nxe3 17. fxe3 0-0 18. g5 h6 19. gxh6 Kh7 20. Qd2 Kxh6 21. Kg2 Kg7 22. Rh1 Rh8 23. Rag1 Rh5 24. Kf2 Rch8 25. Qc2 Na7 26. Rg3 Qc6 27. Bxg6 fxg6 28. Qxg6+ Kf8 29. Rhg1 R5h7 30. Ng5 Bxg5 31. Rf3+ Ke7 32. Rxg5 Qc3 33. Qf6+ Kd7 34. Rg7+ Kc6 35. Qxe6+ Kb5 36. Qxd5+ Ka4 37. Qd7+ Nb5 38. Rxh7 Qc2+ 39. Kg3 Rxh7 40. Qg4 Rh6 41. Rf6 Rh8 42. e6 Qd2 43. Qf4 Rg8+ 44. Kh4 Qe1+ 45. Qf2 Qb1 46. Rf5 Qe4+ 47. Qf4 Qxe6 48. d5 Qg6 49. Rg5 Qh7+ 50. Kg3 Nc3 51. d6 Ne2+ 52. Kf3 Nxf4 53. Ra5+ Kb3 54. exf4 Qh5+ 55. Ke4 1-0

[Event "Titled Tuesday intern op 19th Sep Early"]
[Site "Chess.com INT"]
[Date "2023.09.19"]
[Round "9"]
[White "Garcia Almaguer, Juan Manuel"]
[Black "Bilan, Danila"]
[Result "0-1"]
[WhiteElo "2134"]
[BlackElo "2303"]
[PlyCount "112"]
[EventDate "2023.09.19"]
[EventType "swiss (blitz)"]
[EventRounds "11"]
[EventCountry "USA"]
[SourceTitle "EXT 2024"]
[Source "ChessBase"]
[SourceDate "2023.10.10"]
[SourceVersion "1"]
[SourceVersionDate "2023.10.10"]
[SourceQuality "1"]

1. e4 c6 2. d4 d5 3. e5 c5 4. c3 Nc6 5. Nf3 Bg4 6. Be3 cxd4 7. cxd4 e6 8. Bd3 Bb4+ 9. Nc3 Nge7 10. 0-0 Nf5 11. h3 Nxe3 12. fxe3 Bh5 13. Ne2 Bg6 14. Bxg6 hxg6 15. Nf4 Be7 16. Qd3 0-0 17. e4 Nb4 18. Qe2 Rc8 19. Rac1 Rxc1 20. Rxc1 Bg5 21. Nxg5 Qxg5 22. Rf1 Rd8 23. a3 Nc6 24. exd5 Nxd4 25. Qf2 Qxf4 26. Qxf4 Ne2+ 27. Kh2 Nxf4 28. Rxf4 Rxd5 29. Rb4 b5 30. Re4 Kf8 31. Kg3 Rd3+ 32. Kg4 Rb3 33. Re2 Ke7 34. g3 a5 35. h4 f6 36. h5 gxh5+ 37. Kh4 g5+ 38. Kxh5 Rxg3 39. Kg6 fxe5 40. Rxe5 Rb3 41. a4 Rxb2 42. axb5 Kd6 43. Rxg5 a4 44. Rg4 a3 45. Ra4 a2 46. Kf6 Rf2+ 47. Kg5 Kc5 48. b6 Kxb6 49. Kg4 Kb5 50. Ra8 Kb4 51. Kg3 Rc2 52. Rb8+ Kc3 53. Rc8+ Kb2 54. Rb8+ Kc1 55. Ra8 Kb1 56. Rxa2 Rxa2 0-1

[Event "Titled Tuesday intern op 01st Aug Early"]
[Site "Chess.com INT"]
[Date "2023.08.01"]
[Round "9"]
[White "Garcia Almaguer, Juan Manuel"]
[Black "Jain, Kashish Manoj"]
[Result "0-1"]
[WhiteElo "2134"]
[BlackElo "2350"]
[PlyCount "74"]
[EventDate "2023.08.01"]
[EventType "swiss (blitz)"]
[EventRounds "11"]
[EventCountry "USA"]
[SourceTitle "EXT 2024"]
[Source "ChessBase"]
[SourceDate "2023.10.10"]
[SourceVersion "1"]
[SourceVersionDate "2023.10.10"]
[SourceQuality "1"]

1. e4 c5 2. Nf3 d6 3. d3 Nc6 4. g3 g6 5. Bg2 Bg7 6. 0-0 e6 7. a4 Nge7 8. c3 0-0 9. Qe2 Rb8 10. Bg5 h6 11. Be3 b6 12. Rd1 d5 13. e5 d4 14. Bd2 Qc7 15. Na3 Nxe5 16. Nxe5 Qxe5 17. Qxe5 Bxe5 18. Bxh6 dxc3 19. bxc3 Rd8 20. Rac1 Bb7 21. Bg5 Bxg2 22. Kxg2 Rd7 23. d4 cxd4 24. cxd4 Bg7 25. Bxe7 Rxe7 26. Nb5 Rd8 27. Rc4 Red7 28. Kf3 a6 29. Nc7 Rc8 30. Rdc1 Rxd4 31. Rxd4 Bxd4 32. Ke4 Bxf2 33. Rc2 Bg1 34. h4 a5 35. Kf3 Bd4 36. Ke4 Bf6 37. Kd3 Be5 0-1

[Event "Titled Tuesday intern op 18th Jul Late"]
[Site "Chess.com INT"]
[Date "2023.07.18"]
[Round "4"]
[White "Matinian, Nikita"]
[Black "Garcia Almaguer, Juan Manuel"]
[Result "1-0"]
[WhiteElo "2421"]
[BlackElo "2066"]
[PlyCount "119"]
[EventDate "2023.07.18"]
[EventType "swiss (blitz)"]
[EventRounds "11"]
[EventCountry "USA"]
[SourceTitle "EXT 2024"]
[Source "ChessBase"]
[SourceDate "2023.10.10"]
[SourceVersion "1"]
[SourceVersionDate "2023.10.10"]
[SourceQuality "1"]

1. e4 e5 2. Nf3 Nc6 3. Bb5 a6 4. Ba4 Nf6 5. 0-0 Be7 6. d3 b5 7. Bb3 0-0 8. a3 h6 9. Nc3 d6 10. h3 Be6 11. Nd5 Bxd5 12. exd5 Nb8 13. d4 e4 14. Nd2 Re8 15. Re1 Bf8 16. c3 Nbd7 17. Bc2 Nxd5 18. Nxe4 N7f6 19. Bd2 c5 20. dxc5 dxc5 21. Qf3 Qb6 22. Rad1 Rad8 23. Bc1 Nxe4 24. Bxe4 Nf6 25. Bc2 b4 26. c4 Rxe1+ 27. Rxe1 a5 28. a4 Bd6 29. b3 Bb8 30. Bb2 Qd6 31. g3 Re8 32. Rd1 Qe6 33. Bf5 Qe7 34. Kg2 Rd8 35. Rxd8+ Qxd8 36. Qa8 Ne8 37. Be5 Bc7 38. Qxd8 Bxd8 39. Bd7 Bc7 40. Bb2 Nd6 41. Kf3 Kf8 42. h4 Ke7 43. Bh3 f6 44. Bc1 Nf7 45. Be3 Ne5+ 46. Ke4 Kd6 47. Bf1 g5 48. Kf5 Bd8 49. h5 Nf3 50. Kg6 Nd4 51. Bxd4 cxd4 52. Kxh6 Ke5 53. Bd3 f5 54. Kg6 Bf6 55. Bxf5 g4 56. Bxg4 d3 57. f4+ Kd4 58. Kxf6 Kc3 59. h6 Kxb3 60. h7 1-0

[Event "Titled Tuesday intern op 04th Jul Early"]
[Site "Chess.com INT"]
[Date "2023.07.04"]
[Round "3"]
[White "Garcia Almaguer, Juan Manuel"]
[Black "Girya, Olga"]
[Result "1-0"]
[WhiteElo "2066"]
[BlackElo "2402"]
[PlyCount "85"]
[EventDate "2023.07.04"]
[EventType "swiss (blitz)"]
[EventRounds "11"]
[EventCountry "USA"]
[SourceTitle "EXT 2024"]
[Source "ChessBase"]
[SourceDate "2023.10.10"]
[SourceVersion "1"]
[SourceVersionDate "2023.10.10"]
[SourceQuality "1"]

1. e4 e5 2. Nf3 Nc6 3. Bc4 Bc5 4. c3 Nf6 5. d4 exd4 6. b4 Bb6 7. e5 d5 8. exf6 dxc4 9. Qe2+ Be6 10. b5 Na5 11. fxg7 Rg8 12. Nxd4 Bxd4 13. cxd4 Qd5 14. f3 0-0-0 15. Be3 Rxg7 16. Nc3 Qf5 17. 0-0-0 Bd5 18. Qb2 b6 19. Rhe1 Rg6 20. Bg1 Qg5+ 21. Rd2 Re6 22. Rxe6 fxe6 23. Nd1 Bb7 24. Be3 Qh5 25. h3 Qd5 26. Nc3 Qd7 27. Qc2 Bd5 28. Bg5 Rg8 29. h4 h5 30. Re2 Qf7 31. Re5 Kb8 32. Qe2 Nb7 33. Qe3 Nd6 34. Nxd5 exd5 35. a4 Nf5 36. Qf4 Rf8 37. g4 hxg4 38. fxg4 Nxd4 39. Qxd4 Qf1+ 40. Kc2 Rf2+ 41. Bd2 Qg2 42. Qxd5 Qh2 43. Re8# 1-0

[Event "Titled Tuesday intern op 27th Jun Early"]
[Site "Chess.com INT"]
[Date "2023.06.27"]
[Round "5"]
[White "Winkels, Marcel"]
[Black "Garcia Almaguer, Juan Manuel"]
[Result "0-1"]
[WhiteElo "1920"]
[BlackElo "2066"]
[PlyCount "84"]
[EventDate "2023.06.27"]
[EventType "swiss (blitz)"]
[EventRounds "11"]
[EventCountry "USA"]
[SourceTitle "EXT 2024"]
[Source "ChessBase"]
[SourceDate "2023.10.10"]
[SourceVersion "1"]
[SourceVersionDate "2023.10.10"]
[SourceQuality "1"]

1. e4 e5 2. Nf3 Nc6 3. d4 exd4 4. Nxd4 Nf6 5. Nxc6 bxc6 6. e5 Qe7 7. Qe2 Nd5 8. h4 Qe6 9. c4 Bb4+ 10. Bd2 Bxd2+ 11. Nxd2 Nb4 12. Qe4 d5 13. cxd5 Nxd5 14. Bc4 0-0 15. 0-0-0 Rb8 16. f4 Qg4 17. Qf3 Qxf3 18. gxf3 Nxf4 19. h5 Be6 20. h6 g6 21. Bxe6 fxe6 22. Ne4 Ne2+ 23. Kb1 Rxf3 24. Nf6+ Rxf6 25. exf6 Nc3+ 26. Kc2 Nxd1 27. Rxd1 Kf7 28. Rd7+ Kxf6 29. Rxc7 Rg8 30. Kd3 g5 31. Ke2 Kg6 32. Rxc6 Re8 33. Rc7 a5 34. Ra7 Kxh6 35. Rxa5 Rb8 36. b3 Rb6 37. Re5 Kg6 38. Kd2 h5 39. Kc3 h4 40. a4 Kf6 41. Re3 g4 42. b4 h3 0-1

[Event "Titled Tuesday intern op 25th Apr Early"]
[Site "Chess.com INT"]
[Date "2023.04.25"]
[Round "4"]
[White "Garcia Almaguer, Juan Manuel"]
[Black "Ardila, Oscar Humberto"]
[Result "0-1"]
[WhiteElo "2090"]
[BlackElo "1982"]
[PlyCount "106"]
[EventDate "2023.04.25"]
[EventType "swiss (blitz)"]
[EventRounds "11"]
[EventCountry "USA"]
[SourceTitle "EXT 2024"]
[Source "ChessBase"]
[SourceDate "2023.10.10"]
[SourceVersion "1"]
[SourceVersionDate "2023.10.10"]
[SourceQuality "1"]

1. e4 e5 2. Nf3 Nf6 3. d3 Nc6 4. g3 g6 5. Bg2 Bg7 6. 0-0 0-0 7. c4 d6 8. h3 Nh5 9. Nh4 Nd4 10. Be3 c5 11. Nd2 Bd7 12. a3 b5 13. b4 a5 14. bxc5 dxc5 15. Kh2 b4 16. a4 Qc7 17. Nb3 Nxb3 18. Qxb3 Rad8 19. Bf3 Nf6 20. Be2 Be6 21. Ng2 Qc8 22. g4 h5 23. f3 hxg4 24. hxg4 Bxg4 25. fxg4 Nxg4+ 26. Kg3 Nxe3 27. Nxe3 Bh6 28. Nd5 Bf4+ 29. Rxf4 exf4+ 30. Kxf4 Qh3 31. Bg4 Qh2+ 32. Kf3 f5 33. exf5 gxf5 34. Ne7+ Kh8 35. Nxf5 Rde8 36. Qb2+ Qxb2 37. Rh1+ Kg8 38. Kf4 Qe5+ 39. Kg5 Qf6+ 40. Kf4 Qd4+ 41. Kg5 Rxf5+ 42. Bxf5 Re2 43. Rh4 Qd8+ 44. Kh5 Qf6 45. Rg4+ Kf8 46. Rg5 Rh2+ 47. Kg4 Qd4+ 48. Be4 Qg1+ 49. Kf5 Qf2+ 50. Ke5 Qd4+ 51. Ke6 Rh6+ 52. Bg6 Kg7 53. Kf5 Qf6+ 0-1

[Event "Titled Tuesday intern op 25th Apr Early"]
[Site "Chess.com INT"]
[Date "2023.04.25"]
[Round "11"]
[White "Garcia Almaguer, Juan Manuel"]
[Black "Kozin, Yuri"]
[Result "0-1"]
[WhiteElo "2090"]
[BlackElo "2251"]
[PlyCount "66"]
[EventDate "2023.04.25"]
[EventType "swiss (blitz)"]
[EventRounds "11"]
[EventCountry "USA"]
[SourceTitle "EXT 2024"]
[Source "ChessBase"]
[SourceDate "2023.10.10"]
[SourceVersion "1"]
[SourceVersionDate "2023.10.10"]
[SourceQuality "1"]

1. e4 c5 2. Nf3 e6 3. d4 cxd4 4. Nxd4 Nf6 5. Nc3 d6 6. Be2 Be7 7. Be3 0-0 8. Qd2 a6 9. a4 Nc6 10. g4 Qc7 11. g5 Nd7 12. f4 Na5 13. h4 Nc4 14. Bxc4 Qxc4 15. h5 Nc5 16. b3 Qb4 17. 0-0 Re8 18. Rae1 e5 19. Nf5 Nxe4 20. Nxe7+ Rxe7 21. Nxe4 Qxe4 22. Qxd6 Bh3 23. Rf2 exf4 24. Qxf4 Rae8 25. Kh2 Qxf4+ 26. Bxf4 Rxe1 27. Kxh3 R1e2 28. Rf3 Rxc2 29. h6 Rec8 30. Be5 g6 31. Rd3 Re2 32. Bf6 Rce8 33. Kg4 R2e3 0-1

[Event "Titled Tuesday intern op 7th Mar Late"]
[Site "Chess.com INT"]
[Date "2023.03.07"]
[Round "10"]
[White "Garcia Almaguer, Juan Manuel"]
[Black "Hartikainen, Jarmo"]
[Result "1-0"]
[WhiteElo "2090"]
[BlackElo "2108"]
[PlyCount "75"]
[EventDate "2023.03.07"]
[EventType "swiss (blitz)"]
[EventRounds "11"]
[EventCountry "USA"]
[SourceTitle "EXT 2024"]
[Source "ChessBase"]
[SourceDate "2023.10.10"]
[SourceVersion "1"]
[SourceVersionDate "2023.10.10"]
[SourceQuality "1"]

1. e4 c5 2. Nf3 Nc6 3. d4 cxd4 4. Nxd4 Nf6 5. Nc3 d6 6. Bc4 e6 7. Nxc6 bxc6 8. e5 Nd5 9. exd6 Nxc3 10. bxc3 Bxd6 11. Qg4 Be5 12. Qf3 0-0 13. h3 Qa5 14. Bd2 Ba6 15. Bxa6 Qxa6 16. Qe2 Qxe2+ 17. Kxe2 Rab8 18. Rab1 Rfd8 19. Be3 Bxc3 20. Rxb8 Rxb8 21. Bxa7 Ra8 22. Rb1 h6 23. Rb8+ Rxb8 24. Bxb8 Kf8 25. Bc7 Ke7 26. Kd3 Be1 27. f3 Kd7 28. Bb6 Kc8 29. Kc4 Kb7 30. Bd4 g6 31. Kc5 Bh4 32. Kd6 h5 33. Kd7 g5 34. Bf6 c5 35. Ke8 Kc6 36. Kxf7 Kd5 37. f4 Kc4 38. fxg5 1-0

[Event "Titled Tuesday intern op 7th Mar Late"]
[Site "Chess.com INT"]
[Date "2023.03.07"]
[Round "3"]
[White "Garcia Correa, Jose Ricardo"]
[Black "Garcia Almaguer, Juan Manuel"]
[Result "0-1"]
[WhiteElo "2103"]
[BlackElo "2090"]
[PlyCount "84"]
[EventDate "2023.03.07"]
[EventType "swiss (blitz)"]
[EventRounds "11"]
[EventCountry "USA"]
[SourceTitle "EXT 2024"]
[Source "ChessBase"]
[SourceDate "2023.10.10"]
[SourceVersion "1"]
[SourceVersionDate "2023.10.10"]
[SourceQuality "1"]

1. e4 e5 2. Nf3 Nc6 3. Bb5 a6 4. Ba4 Nf6 5. 0-0 Be7 6. Re1 b5 7. Bb3 0-0 8. d3 h6 9. a4 Bb7 10. c3 d6 11. Nbd2 Na5 12. Bc2 c5 13. Nf1 Re8 14. Ne3 Bf8 15. Nf5 d5 16. Qe2 c4 17. Nd2 g6 18. Ng3 d4 19. dxc4 bxc4 20. Nxc4 Nxc4 21. Qxc4 Rc8 22. Qb3 Qc7 23. Bd2 h5 24. Rac1 h4 25. Nf1 Qd7 26. h3 d3 27. Bb1 Nxe4 28. Qd1 f5 29. Re3 Bc5 30. Rxd3 Bxf2+ 31. Kh1 Qc6 32. Qf3 Ng3+ 33. Nxg3 Qxf3 34. gxf3 hxg3 35. Kg2 e4 36. fxe4 Bxe4+ 37. Rf3 Rcd8 38. Bg5 Bxf3+ 39. Kxf3 Rd5 40. Ba2 Ree5 41. Rd1 f4 42. Rxd5 Re3+ 0-1